Estudio sobre Campus Andaluz Virtual (CAV) : visiones desde los profesores participantes (Record no. 154805)

MARC details
000 -CABECERA
campo de control de longitud fija 00662nab a2200217 a 4500
005 - FECHA Y HORA DE LA ÚLTIMA TRANSACCIÓN
campo de control 20230531063701.0
008 - ELEMENTOS DE LONGITUD FIJA--INFORMACIÓN GENERAL
campo de control de longitud fija 991125s1985 mx 000 0 spa u
035 ## - NÚMERO DE CONTROL DEL SISTEMA
Número de control de sistema UPN01000182702
100 1# - ASIENTO PRINCIPAL--NOMBRE PERSONAL
Nombre de persona Llorente, Carmen
222 ## - TÍTULO CLAVE
Título clave EDUCATIO SIGLO XXI
245 ## - MENCIÓN DE TÍTULO
Título Estudio sobre Campus Andaluz Virtual (CAV) : visiones desde los profesores participantes
260 ## - PUBLICACIÓN, DISTRIBUCIÓN, ETC.
Lugar de publicación, distribución, etc. Murcia, España
300 ## - DESCRIPCIÓN FÍSICA
Extensión 303-322
362 0# - FECHAS DE PUBLICACIÓN Y/O DESIGNACIÓN SECUENCIAL
Fecha de publicación y/o designación secuencial 2011 Vol. 29, no. 1
653 0# - TERMINO DE INDIZACION - NO CONTROLADO
Término no controlado EDUCACION SUPERIOR
653 0# - TERMINO DE INDIZACION - NO CONTROLADO
Término no controlado FORMACION DOCENTE
653 0# - TERMINO DE INDIZACION - NO CONTROLADO
Término no controlado ENTORNOS VIRTUALES DE APRENDIZAJE
700 1# - ASIENTO SECUNDARIO--NOMBRE DE PERSONAL
Nombre de persona Cabero Almenara, Julio
Término indicativo de función/relación coaut.
9 (RLIN) 34761
700 1# - ASIENTO SECUNDARIO--NOMBRE DE PERSONAL
Filiación cabero@us.es
905 ## - TIPO DE MATERIAL
Tipo de material Articulo

No items available.